[Event "Vezerkepzo 7days March 2022"]
[Site "Budapest"]
[Date "2022.03.29"]
[Round "4.5"]
[White "Vantika Agrawal"]
[Black "Sturt, Raven"]
[Result "0-1"]
[WhiteElo "2381"]
[BlackElo "2434"]
[Annotator "ChessBase"]
[PlyCount "72"]
[EventDate "2022.03.27"]
[EventCountry "HUN"]
[SourceTitle "playchess.com"]
[Source "ChessBase"]
[SourceQuality "1"]

1. Nf3 d5 2. g3 Nf6 3. Bg2 c6 4. O-O Bf5 5. c4 dxc4 6. Na3 Qd5 7. b3 cxb3 8. axb3 Qd8 9. d3 g6 10. Nc4 Bg7 11. Bb2 O-O 12. Qd2 Na6 13. Rfc1 Nc7 14. Na5 Bc8 15. Ne5 Nfd5 16. h4 f6 17. Nec4 Nb5 18. e4 Ndc7 19. d4 f5 20. d5 Bxb2 21. Qxb2 cxd5 22. exd5 Nxd5 23. Qe5 e6 24. Rd1 Nbc7 25. Nd6 Rb8 26. Rac1 Qd7 27. Bxd5 exd5 28. Ne4 Qe6 29. Qxc7 fxe4 30. Qxb8 e3 31. f3 e2 32. Re1 Qe3+ 33. Kh1 Qxf3+ 34. Kh2 Qf2+ 35. Kh1 Bg4 36. Qxf8+ Kxf8 0-1

[Event "Vezerkepzo 7days March 2022"]
[Site "Budapest"]
[Date "2022.03.30"]
[Round "5.2"]
[White "Park, Evan"]
[Black "Vantika Agrawal"]
[Result "1-0"]
[WhiteElo "2296"]
[BlackElo "2381"]
[Annotator "NA"]
[PlyCount "109"]
[EventDate "2022.03.27"]
[EventCountry "HUN"]
[SourceTitle "playchess.com"]
[Source "ChessBase"]
[SourceQuality "1"]

1. d4 Nf6 2. c4 g6 3. Nc3 Bg7 4. e4 d6 5. Nf3 O-O 6. Be2 e5 7. O-O Na6 8. Be3 Qe7 9. dxe5 dxe5 10. Nd5 Qd8 11. Qc2 c6 12. Nxf6+ Bxf6 13. h3 Qe7 14. c5 Nc7 15. Rfd1 Ne6 16. Bf1 Bg7 17. Rd6 Kh8 18. Rad1 f5 19. b3 f4 20. Bc1 Ng5 21. Nxg5 Qxg5 22. Qc3 Qh5 23. Qf3 Qh4 24. Be2 Bf6 25. Bb2 Bg7 26. a4 Qe7 27. Bc4 Qc7 28. Qd3 b5 29. axb5 cxb5 30. Bd5 Rb8 31. Qc3 Qe7 32. f3 b4 33. Qc4 Bd7 34. Be6 Bb5 35. Qd5 Qg5 36. h4 Qxh4 37. Bxe5 Be2 38. Qd4 Bxe5 39. Qxe5+ Rf6 40. c6 Bxd1 41. Rxd1 Re8 42. c7 Kg7 43. c8=Q Rxc8 44. Bxc8 Kh6 45. Bg4 a5 46. Qxa5 Rd6 47. Qa1 Rc6 48. Rd7 Rc3 49. Rd1 Rc2 50. Qd4 Re2 51. Bh3 Rc2 52. Qd6 Qg3 53. Qf8+ Kh5 54. Bg4+ Kg5 55. Rd5+ 1-0

[Event "Vezerkepzo 7days March 2022"]
[Site "Budapest"]
[Date "2022.03.30"]
[Round "5.3"]
[White "Ilincic, Zlatko"]
[Black "Aczel, Gergely"]
[Result "1-0"]
[WhiteElo "2331"]
[BlackElo "2545"]
[Annotator "ChessBase"]
[PlyCount "87"]
[EventDate "2022.03.27"]
[EventCountry "HUN"]
[SourceTitle "playchess.com"]
[Source "ChessBase"]
[SourceQuality "1"]

1. d4 Nf6 2. c4 e6 3. Nf3 d5 4. g3 Nbd7 5. Bg2 dxc4 6. O-O c6 7. Bg5 Be7 8. a4 O-O 9. Nbd2 b5 10. Ne5 Nxe5 11. Bxf6 Bxf6 12. dxe5 Bxe5 13. Bxc6 Rb8 14. axb5 Bxb2 15. Ra2 c3 16. Qc2 Bb7 17. Nc4 Bxc6 18. bxc6 Qd5 19. c7 Rb7 20. Ra4 Qc5 21. Rb1 Qxc7 22. Nxb2 cxb2 23. Qxc7 Rxc7 24. Rxb2 Rd8 25. h4 h5 26. Ra6 Kf8 27. Kg2 Ke7 28. Rba2 Rdd7 29. Kf3 Kd8 30. Kf4 Kc8 31. e4 Kb8 32. R6a5 g6 33. Kg5 Rd4 34. e5 Rd5 35. Rxd5 exd5 36. e6 fxe6 37. Kxg6 d4 38. Kxh5 d3 39. Rd2 Rd7 40. Kg6 a5 41. h5 e5 42. h6 Rd6+ 43. Kh5 e4 44. g4 1-0

[Event "Vezerkepzo 7days March 2022"]
[Site "Budapest"]
[Date "2022.03.30"]
[Round "5.4"]
[White "Ajay Krishna, S."]
[Black "Papp, Levente"]
[Result "0-1"]
[WhiteElo "2399"]
[BlackElo "2402"]
[Annotator "NA"]
[PlyCount "86"]
[EventDate "2022.03.27"]
[EventCountry "HUN"]
[SourceTitle "playchess.com"]
[Source "ChessBase"]
[SourceQuality "1"]

1. d4 Nf6 2. c4 e6 3. Nf3 c5 4. d5 b5 5. e4 Nxe4 6. Bd3 Nf6 7. O-O bxc4 8. Bxc4 Ba6 9. Bxa6 Nxa6 10. Bg5 Qc8 11. Bxf6 gxf6 12. Nc3 Bg7 13. Nd2 O-O 14. Re1 f5 15. Re3 Qd8 16. Rh3 Nc7 17. Nc4 Qg5 18. d6 Ne8 19. Qf3 Nf6 20. Rd1 Rab8 21. b3 Rfe8 22. Rg3 Qh5 23. Qd3 Ng4 24. h3 Nf6 25. Qe3 Ne4 26. Nxe4 Qxd1+ 27. Kh2 Qd4 28. Rxg7+ Qxg7 29. Nxc5 f6 30. Na6 Rbd8 31. Nc7 Rf8 32. Qxa7 Qg5 33. Qd4 Kh8 34. f4 Qg6 35. Kg1 Rf7 36. b4 Rg8 37. Qf2 Qh5 38. Kh2 Qd1 39. Nb5 Qd3 40. Qd4 Qe2 41. Ne3 Rfg7 42. Qxf6 Qxe3 43. Nd4 Qg3+ 0-1

[Event "Vezerkepzo 7days March 2022"]
[Site "Budapest"]
[Date "2022.03.30"]
[Round "5.5"]
[White "Bogdanov, Egor"]
[Black "Tarini Goyal"]
[Result "1-0"]
[WhiteElo "2427"]
[BlackElo "2164"]
[Annotator "NA"]
[PlyCount "125"]
[EventDate "2022.03.27"]
[EventCountry "HUN"]
[SourceTitle "playchess.com"]
[Source "ChessBase"]
[SourceQuality "1"]

1. e4 c6 2. d4 d5 3. e5 c5 4. c3 e6 5. f4 Nc6 6. Nf3 cxd4 7. cxd4 Bb4+ 8. Nc3 Nge7 9. Bd3 Nf5 10. Bxf5 exf5 11. Bd2 O-O 12. O-O Be6 13. Ne2 Be7 14. Rc1 Qb6 15. Bc3 Rac8 16. Kh1 Na5 17. b3 Nc6 18. Be1 Nb4 19. Bh4 Bxh4 20. Nxh4 Nxa2 21. Rxc8 Bxc8 22. Qd3 Nb4 23. Qh3 Nc6 24. Nxf5 Bxf5 25. Qxf5 Nxd4 26. Nxd4 Qxd4 27. h3 Qe4 28. Qd7 d4 29. Rf3 h5 30. Kh2 h4 31. Qe7 Qd5 32. Qxh4 Qd8 33. Qxd8 Rxd8 34. Rd3 Rd5 35. Kg3 Rb5 36. Kf3 Kf8 37. Ke4 Rb4 38. f5 Ke7 39. g4 g5 40. Kd5 a5 41. Kc5 Ke8 42. Kd6 Rb6+ 43. Kd5 Rb4 44. Rf3 Kd7 45. Kc5 b6+ 46. Kd5 Rb5+ 47. Kxd4 Rb4+ 48. Kc3 Re4 49. Rd3+ Ke7 50. Rd5 Re3+ 51. Kc4 Rxh3 52. Rb5 Rg3 53. Rxb6 Rxg4+ 54. Kd5 Rb4 55. f6+ Kd7 56. Ra6 Rb5+ 57. Ke4 g4 58. Ra7+ Ke8 59. Ra8+ Kd7 60. Rf8 g3 61. Rxf7+ Ke8 62. Rg7 Rxb3 63. e6 1-0

[Event "Vezerkepzo 7days March 2022"]
[Site "Budapest"]
[Date "2022.04.01"]
[Round "6.1"]
[White "Plat, Vojtech"]
[Black "Tarini Goyal"]
[Result "1-0"]
[WhiteElo "2554"]
[BlackElo "2164"]
[Annotator "ChessBase"]
[PlyCount "79"]
[EventDate "2022.03.27"]
[EventCountry "HUN"]
[SourceTitle "playchess.com"]
[Source "ChessBase"]
[SourceQuality "1"]

1. e4 c6 2. Nf3 d5 3. d3 Nd7 4. e5 e6 5. d4 c5 6. c3 Ne7 7. Bd3 Nc6 8. O-O Be7 9. Re1 h6 10. Be3 c4 11. Bc2 b5 12. b3 cxb3 13. axb3 a5 14. Bd3 Ba6 15. Nbd2 O-O 16. Qe2 Rb8 17. Nf1 Re8 18. Ng3 Bf8 19. h4 f5 20. exf6 Qxf6 21. Nh5 Qf7 22. Nf4 Ne7 23. Rxa5 Bc8 24. Ra7 Rb7 25. Rxb7 Bxb7 26. Bxb5 Bc6 27. Bxc6 Nxc6 28. Qb5 Na7 29. Qa6 Nc8 30. c4 dxc4 31. bxc4 Qf5 32. c5 e5 33. dxe5 Nxc5 34. Qc4+ Qf7 35. Qxf7+ Kxf7 36. Bxc5 Bxc5 37. Rc1 Bb6 38. e6+ Ke7 39. Rc6 Kd8 40. Nd5 1-0

[Event "Vezerkepzo 7days March 2022"]
[Site "Budapest"]
[Date "2022.04.01"]
[Round "6.2"]
[White "Papp, Levente"]
[Black "Bogdanov, Egor"]
[Result "1/2-1/2"]
[WhiteElo "2402"]
[BlackElo "2427"]
[Annotator "TA"]
[PlyCount "93"]
[EventDate "2022.03.27"]
[EventCountry "HUN"]
[SourceTitle "playchess.com"]
[Source "ChessBase"]
[SourceQuality "1"]

{[%evp 14,93,46,56,52,66,50,66,107,75,75,57,51,66,41,37,83,52,47,51,51,46,43,27,34,26,29,37,45,36,29,30,32,32,68,56,60,66,80,54,53,56,66,51,79,10,12,7,165,36,51,58,131,0,39,13,97,0,8,8,8,8,98,76,66,54,63,25,29,29,29,8,7,8,8,8,8,8,8,8,8,-9]} 1. Nf3 Nf6 2. g3 g6 3. b3 d6 4. d4 Bg7 5. Bb2 O-O 6. Bg2 e5 7. dxe5 Nfd7 8. Nc3 dxe5 {[%cal Oe5e4] A49: 1 d4 Nf6 2 Nf3 g6 3 g3: Anti-King's Indian systems.} 9. Qd2 Nb6 10. O-O-O Qxd2+ {[#] White is slightly better.} 11. Rxd2 $146 ({Predecessor:} 11. Nxd2 Re8 12. a4 Na6 13. a5 Nd7 14. Nc4 Ndc5 15. Nd5 Be6 16. e4 Rad8 17. Nde3 {1-0 (48) Espinosa Aranda,A (2479)-Martins,B (2359) Valencia 2021}) 11... Bd7 {Prevents Nb5.} 12. Rhd1 {[%cal Of3e5]} (12. Nxe5 {feels hotter.} Bxe5 13. Bxb7 Bc6 14. Bxa8 Nxa8 15. Rhd1) 12... Bc6 13. Kb1 a5 14. Nh4 f5 (14... a4 $14) 15. Nd5 Nxd5 16. Bxd5+ Bxd5 17. Rxd5 Nc6 18. Rd7 Rac8 19. Nf3 {[%cal Bh4f3,Bf3d2,Bd2c4][%mdl 32]} Bf6 20. h4 {[%cal Bh2h4,Bh4h5][%mdl 32]} h6 21. Nd2 Rf7 22. Nc4 b6 23. Ne3 {[%cal Oh4h5]} Nb8 24. R7d5 {[%cal Oh4h5] &Bianco is more active.} Nc6 25. h5 Kg7 26. f3 Re8 27. Rh1 Ne7 28. Rd7 (28. hxg6 {seems wilder.} Kxg6 29. Rd7 Bg5 30. f4) 28... Nc6 29. Rxf7+ (29. Rdd1 $16) 29... Kxf7 $11 30. Nd5 {Strongly threatening hxg6+.} Rd8 $2 (30... Bd8 $11 {and Black has nothing to worry.}) 31. e4 (31. Nxc7 $6 gxh5 32. c3 Rd7 $11) (31. hxg6+ $18 Kg7 32. c4 (32. Nxc7 Kxg6 33. c4 Ne7 $16)) 31... fxe4 32. fxe4 {Black must now prevent Rf1.} Nb4 {[#]} (32... gxh5 $14 33. Rf1 (33. Nxc7 Rg8 $11) (33. Rxh5 Bg5 $14) 33... Rd6) 33. Ne3 ({Don't do} 33. Nxc7 gxh5 34. a3 (34. Rxh5 Rd1+ 35. Bc1 Bg5 $17) 34... Nxc2 $14) ({Better is} 33. hxg6+ $1 $16 Kxg6 34. Nxf6 (34. Nxc7 Rc8 $16) 34... Kxf6 35. a3 (35. Rxh6+ Kg7 $14)) 33... Bg5 34. Ng4 Nc6 {[#]} (34... gxh5 $11 {remains equal.} 35. Nxe5+ Ke6) 35. Bc1 ({White should play} 35. Rf1+ $1 $16 Ke6 36. hxg6) 35... gxh5 36. Bxg5 hxg5 37. Rxh5 {[%mdl 4096] Endgame KRN-KRN} Rg8 (37... Rd1+ $11 {keeps the balance.} 38. Kb2 Re1) 38. Rh7+ Rg7 39. Rh8 Ke7 40. Ne3 {aiming for Nf5+.} Kd7 41. Nf5 Rf7 42. Rg8 Nd4 {The position is equal.} 43. Rxg5 Nf3 44. Rg4 Nd2+ 45. Kb2 Nxe4 46. Nh6 Nf2 47. Rg5 {Weighted Error Value: White=0.22 (precise) /Black=0.23 (precise)} 1/2-1/2

[Event "Vezerkepzo 7days March 2022"]
[Site "Budapest"]
[Date "2022.04.01"]
[Round "6.3"]
[White "Aczel, Gergely"]
[Black "Ajay Krishna, S."]
[Result "1/2-1/2"]
[WhiteElo "2545"]
[BlackElo "2399"]
[Annotator "ChessBase"]
[PlyCount "175"]
[EventDate "2022.03.27"]
[EventCountry "HUN"]
[SourceTitle "playchess.com"]
[Source "ChessBase"]
[SourceQuality "1"]

1. d4 d5 2. c4 e6 3. Nc3 Bb4 4. cxd5 exd5 5. Nf3 Nf6 6. Qa4+ Nc6 7. Bg5 h6 8. Bxf6 Qxf6 9. e3 O-O 10. Be2 Be6 11. O-O a6 12. Rac1 Bd6 13. Qd1 Ne7 14. Ne1 b6 15. Nd3 c5 16. dxc5 bxc5 17. g3 Rab8 18. b3 Rfd8 19. Na4 c4 20. Ndc5 Bh3 21. Re1 Bxc5 22. Nxc5 Qd6 23. Na4 Qa3 24. Qd4 Nf5 25. Qe5 Qxa2 26. Nc3 Qa3 27. g4 d4 28. Nb1 Qxb3 29. Qxf5 d3 30. Qf3 dxe2 31. Nc3 Bf1 32. Nxe2 Bxe2 33. Qxe2 Rdc8 34. Red1 Qb5 35. Rc3 Rc7 36. Rd4 Rbc8 37. Qd2 a5 38. h4 Rc5 39. h5 f5 40. Qc2 fxg4 41. Rxg4 Rg5 42. Qe4 Rxg4+ 43. Qxg4 Rc5 44. Qe4 Qc6 45. Qxc6 Rxc6 46. e4 Kf7 47. f4 Ke6 48. Kf2 Kd6 49. Ke3 Kc5 50. e5 a4 51. f5 Kd5 52. e6 Rc7 53. Kd2 Ra7 54. Re3 Kd6 55. Kc2 a3 56. Kb1 Ke7 57. Ka2 Ra5 58. Rf3 c3 59. Rxc3 Rxf5 60. Rc7+ Kxe6 61. Rxg7 Rxh5 62. Rg6+ Kf7 63. Rc6 Rh3 64. Rc7+ Ke6 65. Rc6+ Kd5 66. Rg6 h5 67. Rg5+ Ke4 68. Rc5 h4 69. Rc4+ Kd3 70. Rf4 Rh1 71. Rg4 Ke3 72. Rc4 h3 73. Rc3+ Ke2 74. Rg3 Kf2 75. Rc3 Kg2 76. Rc2+ Kf3 77. Rc3+ Kg4 78. Rc4+ Kf5 79. Rc5+ Ke4 80. Rc3 Kf4 81. Rc4+ Ke3 82. Rc3+ Kd2 83. Rf3 Ke1 84. Rc3 Kd2 85. Rf3 h2 86. Rh3 Ke2 87. Rh8 Kf2 88. Rf8+ 1/2-1/2

[Event "Vezerkepzo 7days March 2022"]
[Site "Budapest"]
[Date "2022.04.01"]
[Round "6.4"]
[White "Vantika Agrawal"]
[Black "Ilincic, Zlatko"]
[Result "1-0"]
[WhiteElo "2381"]
[BlackElo "2331"]
[Annotator "TA"]
[PlyCount "109"]
[EventDate "2022.03.27"]
[EventCountry "HUN"]
[SourceTitle "playchess.com"]
[Source "ChessBase"]
[SourceQuality "1"]

{[%evp 18,109,14,14,31,15,8,15,27,14,23,27,31,19,29,31,42,0,0,0,44,38,48,38,51,35,53,48,70,47,65,36,53,41,32,2,20,21,32,26,347,355,377,371,363,333,877,866,763,834,826,835,854,835,844,833,833,826,616,514,1393,1248,1362,1360,1322,533,1360,1359,1336,1229,1207,843,722,0,1055,1049,1042,1027,990,966,910,921,2378,2322,2023,1733,29984,29985,29985,29985,29985,29986,29986,29987]} 1. d4 Nf6 2. c4 e6 3. Nf3 b6 4. g3 Bb4+ 5. Bd2 c5 6. Bxb4 cxb4 7. Bg2 Bb7 8. O-O O-O 9. Nbd2 d6 10. Re1 Re8 {E16: Queen's Indian: 4 g3 Bb7 5 Bg2 Bb4+.} 11. Qc2 Qc7 {[#]} 12. Qd3 $146 ({Predecessor:} 12. Rad1 a5 13. h3 {½-½ (13) Morales Romero,R (2312)-Larduet Despaigne,C (2350) Santiago de Cuba 2009}) 12... h6 {The position is equal.} 13. e4 e5 14. Rad1 Nc6 15. b3 a5 16. Nf1 Ne7 17. N3d2 Nc6 18. Nf3 Ne7 19. Nh4 Rad8 20. Ne3 g6 21. d5 Nd7 22. f4 Nc5 23. Qe2 Bc8 24. f5 Kg7 (24... g5 $2 25. f6 $1 Kh8 26. fxe7 $18) 25. Rf1 (25. f6+ Kxf6 26. Qf3+ Kg7 $15) 25... Ng8 26. Rf2 Rf8 (26... Nf6 $5 {[%cal Rg6g5]} 27. Ng4 (27. fxg6 fxg6 28. Rdf1 Rf8 $11) 27... Nxg4 28. Qxg4 Rf8 $14) 27. Rdf1 $36 {[%mdl 2048] Black is under pressure.} Nf6 $1 28. Ng4 $1 ({But not} 28. fxg6 fxg6 29. Nd1 Rf7 $11) 28... Ncd7 {[%mdl 8192] White stays focused until the end.} (28... Nxg4 $11 {and Black has nothing to worry.} 29. Qxg4 Nd3) 29. fxg6 $18 fxg6 {[#]} 30. Nxh6 {[%mdl 512]} Kxh6 31. Qd2+ Kh7 $2 (31... g5 32. Nf5+ Kg6) 32. Qg5 $1 {[%csl LRf6,LRg6] Strongly threatening Bh3.} Rg8 33. Rxf6 Nxf6 34. Rxf6 {[%cal Rh4g6]} Rdf8 35. Rxf8 {[%mdl 64] Deflection} Rxf8 36. Qxg6+ Kh8 37. Qh6+ Kg8 38. Ng6 Qc5+ (38... Qg7 $142 39. Qxg7+ Kxg7 40. Nxf8 Kxf8) 39. Kh1 Re8 40. Qh8+ Kf7 41. Qh7+ Kf6 {...Qf2 is the strong threat.} 42. Nh8 Rxh8 43. Qxh8+ Ke7 44. Qh4+ Ke8 45. Qh8+ Ke7 $1 46. Qg7+ Kd8 47. Qf8+ Kc7 48. Qe7+ Kb8 49. h4 Qf2 50. Qxd6+ Ka7 51. Qxe5 {Black must now prevent d6.} Qxa2 52. Qc7+ {White mates.} Bb7 53. d6 Qa1+ 54. Kh2 Qe5 55. c5 {Weighted Error Value: White=0.22 (precise) /Black=0.28 (precise)} 1-0

[Event "Vezerkepzo 7days March 2022"]
[Site "Budapest"]
[Date "2022.04.01"]
[Round "6.5"]
[White "Sturt, Raven"]
[Black "Park, Evan"]
[Result "1/2-1/2"]
[WhiteElo "2434"]
[BlackElo "2296"]
[Annotator "ChessBase"]
[PlyCount "94"]
[EventDate "2022.03.27"]
[EventCountry "HUN"]
[SourceTitle "playchess.com"]
[Source "ChessBase"]
[SourceQuality "1"]

1. d4 Nf6 2. c4 e6 3. Nf3 d5 4. Nc3 dxc4 5. e4 b5 6. e5 Nd5 7. Nxb5 Nb6 8. Be2 Be7 9. O-O Nc6 10. Be3 O-O 11. Qc1 Nb4 12. Rd1 Bb7 13. a3 N4d5 14. Nc3 Rb8 15. Nxd5 Qxd5 16. Bf1 Qd7 17. Nd2 Bd5 18. Rb1 Qc6 19. Qc2 Rb7 20. Rdc1 a5 21. b4 axb4 22. axb4 Rfb8 23. b5 Qd7 24. Nxc4 Nxc4 25. Bxc4 Bxc4 26. Qxc4 Bd8 27. g4 Rxb5 28. Rxb5 Rxb5 29. h4 f6 30. exf6 Bxf6 31. g5 Bd8 32. Qc6 Rd5 33. Qxd7 Rxd7 34. Kg2 h6 35. Kf3 hxg5 36. hxg5 Kf7 37. Ke4 Be7 38. Bf4 Bd6 39. Be5 Bxe5 40. dxe5 Re7 41. Rc6 g6 42. Rc3 Kg7 43. Rd3 Rf7 44. f3 Rf5 45. Rc3 Rxg5 46. Rxc7+ Kf8 47. Kd4 Rf5 1/2-1/2

[Event "Vezerkepzo 7days March 2022"]
[Site "Budapest"]
[Date "2022.04.01"]
[Round "7.1"]
[White "Park, Evan"]
[Black "Plat, Vojtech"]
[Result "0-1"]
[WhiteElo "2296"]
[BlackElo "2554"]
[Annotator "ChessBase"]
[PlyCount "88"]
[EventDate "2022.03.27"]
[EventCountry "HUN"]
[SourceTitle "playchess.com"]
[Source "ChessBase"]
[SourceQuality "1"]

1. e4 d6 2. d4 Nf6 3. Nc3 e5 4. Nf3 Nbd7 5. Bc4 Be7 6. O-O O-O 7. a4 a5 8. h3 c6 9. Qe2 exd4 10. Nxd4 Nc5 11. Rd1 Qb6 12. Nb3 Be6 13. Be3 Bxc4 14. Qxc4 Qb4 15. Rd4 Qxc4 16. Rxc4 Nxb3 17. cxb3 Nd7 18. Rd1 Rfd8 19. b4 Ne5 20. Rcd4 d5 21. exd5 axb4 22. d6 Rxd6 23. Rxd6 Bxd6 24. Rxd6 bxc3 25. bxc3 f6 26. Bd4 Nc4 27. Rd7 b6 28. f4 c5 29. Bf2 h5 30. Rd5 Rxa4 31. Kf1 Ra2 32. Rd3 Nd2+ 33. Kg1 Ra1+ 34. Kh2 Ne4 35. Bg1 Kh7 36. c4 Rb1 37. Rd5 h4 38. Rh5+ Kg8 39. Rxh4 f5 40. Be3 Re1 41. Bg1 g6 42. Kh1 Rc1 43. g4 Rc2 44. Be3 Re2 0-1

[Event "Vezerkepzo 7days March 2022"]
[Site "Budapest"]
[Date "2022.04.01"]
[Round "7.2"]
[White "Ilincic, Zlatko"]
[Black "Sturt, Raven"]
[Result "0-1"]
[WhiteElo "2331"]
[BlackElo "2434"]
[Annotator "TA"]
[PlyCount "84"]
[EventDate "2022.03.27"]
[EventCountry "HUN"]
[SourceTitle "playchess.com"]
[Source "ChessBase"]
[SourceQuality "1"]

{[%evp 26,84,14,0,0,0,18,14,12,15,20,8,17,0,0,0,32,-12,-12,-4,0,-14,0,0,0,-6,0,0,0,-12,36,0,0,-81,-74,-176,-173,-165,-159,-187,-185,-200,-200,-200,-200,-200,-200,-200,-197,-227,-246,-245,-230,-1202,-1207,-1182,-5716,-29961,-29957,-29994,-29995]} 1. d4 d5 2. c4 c6 3. Nf3 Nf6 4. e3 Bf5 5. Bd3 Bxd3 6. Qxd3 e6 7. O-O Nbd7 8. Nbd2 Bd6 9. e4 dxe4 10. Nxe4 Nxe4 11. Qxe4 O-O 12. Bg5 Be7 13. Bf4 Qa5 14. Rfd1 Rfd8 {D12: Slav Defence: 3 Nf3 Nf6 4 e3 Bf5.} 15. Rd3 Nf6 16. Qe2 Qf5 {The position is equal.} 17. Be5 Rd7 18. h3 {[#]} h6 $146 ({Predecessor:} 18... Rad8 19. Rad1 Bd6 20. Bxd6 Rxd6 21. Ne5 Qe4 22. Re3 Qh4 23. c5 Rd5 24. Rb3 Qe4 25. Qxe4 Nxe4 {½-½ (45) Nikolaidis,I (2566)-Miton,K (2608) Porto Rio 2014}) 19. Rad1 Rad8 20. a3 b5 21. cxb5 cxb5 22. Rc1 Nd5 23. Rb3 b4 24. axb4 Bxb4 25. Qa6 Kh7 26. Bg3 f6 {Against Ne5} 27. Qe2 g5 (27... a5 $11) 28. Rc6 Re7 29. Ra6 (29. Nd2 $11) 29... Rc8 $17 30. Nh2 (30. Rd3 $17 {was necessary.}) 30... Rc1+ $19 31. Nf1 Kg6 32. Bb8 Rb7 {[%cal Be7b7,Bb7b8,Bb8b2,Bb2b1][%mdl 32]} 33. g4 {[#]} Rxf1+ $1 {[%mdl 512]} 34. Kxf1 Qb1+ 35. Kg2 {[%cal Oe2e6]} Rxb8 {Dancing on a razor blade.} 36. Rf3 {[#]} Qe1 $1 ({Don't do} 36... Re8 37. Rxe6 Rd8 38. Re8 Rxe8 39. Qxe8+ Kg7 40. Qd7+ Ne7 41. Qe6 $16 (41. Re3 Kf8 $14)) 37. Qc2+ Kg7 {aiming for ...Rb7.} 38. Rxa7+ Be7 39. Qc6 $2 (39. Rd7) 39... Rxb2 {( -> ...Rb1)} 40. Rxe7+ Nxe7 41. Qe8 Ng8 42. d5 Rb1 {Weighted Error Value: White=0.64/Black=0.04 (flawless)} 0-1

[Event "Vezerkepzo 7days March 2022"]
[Site "Budapest"]
[Date "2022.04.01"]
[Round "7.3"]
[White "Ajay Krishna, S."]
[Black "Vantika Agrawal"]
[Result "0-1"]
[WhiteElo "2399"]
[BlackElo "2381"]
[Annotator "ChessBase"]
[PlyCount "66"]
[EventDate "2022.03.27"]
[EventCountry "HUN"]
[SourceTitle "playchess.com"]
[Source "ChessBase"]
[SourceQuality "1"]

1. d4 Nf6 2. c4 g6 3. Nf3 Bg7 4. g3 O-O 5. Bg2 d6 6. Nc3 c6 7. O-O Bf5 8. Re1 Ne4 9. Nxe4 Bxe4 10. Bh3 Bxf3 11. exf3 e6 12. d5 exd5 13. cxd5 c5 14. Qb3 Na6 15. Bf4 Rb8 16. Re2 b5 17. a4 c4 18. Qe3 b4 19. Rc1 c3 20. bxc3 bxc3 21. Bg5 Qc7 22. Bh6 Bxh6 23. Qxh6 Nb4 24. Re4 f5 25. Re3 Nxd5 26. Rd3 Qc5 27. g4 Rb2 28. Rf1 Qc4 29. Rfd1 c2 30. Rxd5 Rb1 31. Rc1 Qxd5 32. Bf1 Rxc1 33. Qxc1 Qd1 0-1

[Event "Vezerkepzo 7days March 2022"]
[Site "Budapest"]
[Date "2022.04.01"]
[Round "7.5"]
[White "Tarini Goyal"]
[Black "Papp, Levente"]
[Result "0-1"]
[WhiteElo "2164"]
[BlackElo "2402"]
[Annotator "TA"]
[PlyCount "59"]
[EventDate "2022.03.27"]
[EventCountry "HUN"]
[SourceTitle "playchess.com"]
[Source "ChessBase"]
[SourceQuality "1"]

{[%evp 13,59,42,33,9,12,2,18,18,45,0,0,0,0,0,35,0,21,13,42,35,65,60,33,33,62,50,58,0,19,9,0,-120,-135,-141,-148,-514,-502,-762,-754,-722,-472,-942,-424,-417,-430,-381,-56,-29984]} 1. d4 Nf6 2. c4 e6 3. Nc3 Bb4 4. e3 O-O 5. Bd3 d6 6. Nge2 c5 7. O-O Nc6 8. Na4 {E41: Nimzo-Indian: Rubinstein: 4...c5 5 Bd3, including Hübner Variation.} Qe7 {[#]} 9. b3 $146 ({Predecessor:} 9. Bc2 h6 10. Ng3 Rd8 11. b3 Ba5 12. Bb2 cxd4 13. exd4 d5 14. c5 b5 15. Nc3 b4 {0-1 (29) Goudriaan,E (2431)-Wojtaszek,R (2711) Wijk aan Zee 2014}) 9... Ba5 10. Bb2 {The position is equal.} Bc7 11. Ng3 cxd4 12. exd4 d5 13. Re1 Rd8 14. c5 (14. Nc3 {with more complications.} dxc4 15. bxc4 Nxd4 16. Nd5) 14... g6 {[%cal Bg7g6,Bg6g5,Bg5g4,Bg4g3][%mdl 32]} 15. a3 Qf8 16. b4 Ne7 17. Bc1 Qg7 18. Nc3 Bd7 19. Qf3 g5 20. Nh5 Nxh5 21. Qxh5 h6 22. h4 (22. Bb2 $11) 22... Qxd4 $17 23. Qf3 {[%cal Oh4g5]} g4 {Dancing on a razor blade.} (23... Qxc3 $2 24. Bh7+ $1 {[%mdl 512]} Kxh7 25. Qxc3 $18) 24. Qe2 {[%mdl 8192]} (24. Qe3 $17 Qxe3 25. Bxe3) 24... g3 $19 (24... Qxc3 25. Bb2 Qb3 26. Rab1 $16) 25. Nd1 (25. Kf1 $142 gxf2 26. Rd1 Qxh4 27. Qe3) 25... Qxh4 ({Not} 25... Qxa1 26. Bb2 Qxb2 27. Qxb2 $16) 26. Qf3 Ng6 27. Bb2 (27. Kf1 $142) 27... Bf4 (27... d4 $142 28. Re4 Qh2+ 29. Kf1 Bc6) 28. fxg3 Bxg3 {( -> ...Qh2+)} 29. Nf2 {[%cal Of2g4]} Nf4 $2 ({Better is} 29... d4 $19 30. Re4 {[#]} Ne5 $1 31. Rxe5 Bxe5 32. Qxb7 Rac8) 30. Bc2 $2 {[%mdl 8192] Weighted Error Value: White=0.57/Black=0.61} (30. Re3 $15 Bh2+ 31. Kf1) 0-1

[Event "Vezerkepzo 7days March 2022"]
[Site "Budapest"]
[Date "2022.04.02"]
[Round "8.2"]
[White "Aczel, Gergely"]
[Black "Tarini Goyal"]
[Result "1/2-1/2"]
[WhiteElo "2545"]
[BlackElo "2164"]
[Annotator "ChessBase"]
[PlyCount "220"]
[EventDate "2022.03.27"]
[EventCountry "HUN"]
[SourceTitle "playchess.com"]
[Source "ChessBase"]
[SourceQuality "1"]

1. Nf3 Nf6 2. g3 d5 3. Bg2 g6 4. c4 c6 5. Qa4 Nbd7 6. cxd5 Nb6 7. Qb3 cxd5 8. O-O Bg7 9. d3 O-O 10. a4 Bg4 11. Be3 Nc8 12. Qxb7 Nd6 13. Qb3 Rb8 14. Qa3 Bxf3 15. Bxf3 Nd7 16. Ra2 d4 17. Bf4 Qb6 18. Rc1 Rfc8 19. Rxc8+ Rxc8 20. b4 e5 21. Bd2 Nf6 22. e4 Bf8 23. Qb3 h5 24. Rc2 Rxc2 25. Qxc2 Nb7 26. Qc8 Nd6 27. Qc2 Nb7 28. Qc8 Nd6 29. Qa8 Qa6 30. b5 Qxa4 31. b6 Qa1 32. bxa7 Nb5 33. Qb7 Nxa7 34. Kg2 Nc8 35. Qxc8 Qxb1 36. Qc4 Nd7 37. Be2 Qb2 38. Qc1 Qxc1 39. Bxc1 Nc5 40. Bg5 Kg7 41. Bd8 Bd6 42. Ba5 Nb3 43. Bb6 Nc1 44. Bf1 Nb3 45. f3 f6 46. Kf2 Kf7 47. Be2 Nc1 48. Ba5 Nb3 49. Be1 Nc1 50. Bf1 Ke7 51. h4 Kf7 52. g4 Kg7 53. Ba5 Be7 54. Bc7 Nb3 55. gxh5 gxh5 56. f4 exf4 57. Bxf4 f5 58. Bg3 fxe4 59. dxe4 Kg6 60. Bb5 Nc5 61. Kf3 Ne6 62. Be8+ Kh6 63. Bf7 Nf8 64. e5 Ng6 65. Ke4 Nxh4 66. Bf4+ Kg7 67. Bxh5 Ng6 68. Bg3 Ba3 69. Kf5 Ne7+ 70. Ke6 d3 71. Bh4 Nc6 72. Bf6+ Kh6 73. Bg4 d2 74. Kf5 Nd4+ 75. Ke4 Ne6 76. Kd5 Nf4+ 77. Ke4 Ne6 78. Bh4 Kg6 79. Bf2 Nc5+ 80. Kd5 Nd7 81. Bd1 Kf5 82. Bd4 Bf8 83. Bc2+ Kg5 84. Be3+ Kg4 85. e6 Nf6+ 86. Ke5 Ne8 87. Bd1+ Kh4 88. Bb6 Ng7 89. Bd8+ Kg3 90. e7 Bxe7 91. Bxe7 Kf2 92. Bg4 Ne8 93. Kf4 Nc7 94. Bh4+ Kg2 95. Ke3 Ne6 96. Bf3+ Kh3 97. Bf6 Kg3 98. Be5+ Kh4 99. Kxd2 Kg5 100. Ke3 Nf8 101. Ke4 Ng6 102. Bc7 Kf6 103. Bg4 Nf8 104. Bd8+ Kg6 105. Ke5 Nh7 106. Bf5+ Kg7 107. Bd7 Kf7 108. Bh4 Nf8 109. Bf5 Ng6+ 110. Bxg6+ Kxg6 1/2-1/2